| 000 | 00668cab a2200205 4500 | ||
|---|---|---|---|
| 001 | WB3115-06 | ||
| 008 | 090401t1995 xxu||||| |||| 00| 0 eng d | ||
| 035 | _a(Sirsi) u51738 | ||
| 041 | _aeng | ||
| 245 | _aQuality ahead of price | ||
| 260 | _c1995 | ||
| 350 | _a0 | ||
| 490 |
_aBuilding _v260(7887) 7 April 1995, 8(1) |
||
| 520 | _aPrice is one of the least important factors for clients when choosing consulting engineers according to a report commissioned by the Association of Consulting Engineers. | ||
| 650 | _aASSOCIATION OF CONSULTING ENGINEERS | ||
| 650 | _aCONSULTING ENGINEERS | ||
| 690 | _aBUILT ENVIRONMENT | ||
| 942 | _n0 | ||
| 948 | _c04/03/1997 | ||
| 999 |
_c32106 _d32106 |
||